|
|
|
|
| LEADER |
00000nam a22000007a 4500 |
| 001 |
20130916085349.0 |
| 003 |
AR-RoUNA |
| 005 |
20250607062730.0 |
| 008 |
130916s2013 ag ||||| |||| 00| 0 spa d |
| 020 |
|
|
|a 9789503310311
|
| 040 |
|
|
|a AR-RoUNA
|
| 041 |
|
|
|a spa
|
| 044 |
|
|
|a ag
|
| 080 |
|
|
|a 711.47(823.2)
|
| 100 |
|
|
|a Faraci, Mariano
|e coord.
|9 1030
|
| 245 |
0 |
0 |
|a Plan de reordenamiento territorial y espacio público Ciudad Universitaria /
|c coordinado por Mariano Faraci.
|
| 250 |
|
|
|a 1a. ed.
|
| 260 |
|
|
|a Córdoba :
|b Universidad Nacional de Córdoba,
|c 2013
|
| 300 |
|
|
|a 86 p. ; :
|c 21 cm.
|
| 610 |
2 |
4 |
|9 4095
|a Universidad Nacional de Córdoba
|
| 610 |
z |
|
|a Córdoba, Argentine Republic.
|b Universidad Nacional
|9 3939
|
| 610 |
z |
|
|a Universidad Mayor de San Carlos
|9 3940
|
| 610 |
z |
|
|a Universidad de Córdoba (Argentina)
|9 3941
|
| 610 |
z |
|
|a UNC
|9 3942
|
| 610 |
z |
|
|a U.N.C.
|9 3943
|
| 610 |
z |
|
|a Univ. Nac. de Córdoba
|9 3944
|
| 610 |
z |
|
|a Argentina.
|b Universidad Nacional de Córdoba
|9 3945
|
| 650 |
|
4 |
|9 12870
|a Ciudad universitaria
|
| 650 |
|
4 |
|9 32972
|a Ordenación del territorio
|
| 650 |
|
4 |
|9 14586
|a Planificación territorial
|
| 650 |
|
4 |
|9 13566
|a Planificación urbana
|
| 650 |
z |
|
|a Campus universitario
|9 3946
|
| 650 |
z |
|
|a Ordenación del espacio
|9 3947
|
| 650 |
z |
|
|a Ordenamiento Territorial
|9 1031
|
| 650 |
z |
|
|a Planeamiento urbano
|9 1461
|
| 651 |
|
4 |
|9 7547
|a Córdoba (Argentina)
|
| 651 |
z |
0 |
|a Córdoba (Argentina)
|9 124
|
| 700 |
1 |
|
|9 736
|a Faraci, Mariano.
|
| 942 |
|
|
|2 udc
|
| 945 |
|
|
|d 2013-09-16
|
| 999 |
|
|
|c 6348
|d 6348
|
| 980 |
|
|
|g CRON CRON
|